5HLuxD.jpg

KING HENRY VIII SENIOR AND PRIMARY SCHOOL LIBRARY OPAC

What do we know about stars and galaxies? / (Record no. 483)

000 -LEADER
fixed length control field 01110pam a2200373 a 4500
001 - CONTROL NUMBER
control field 019359391
003 - CONTROL NUMBER IDENTIFIER
control field UkOxU
005 - DATE AND TIME OF LATEST TRANSACTION
control field 20190816102100.0
008 - FIXED-LENGTH DATA ELEMENTS--GENERAL INFORMATION
fixed length control field 101220s2012 enkac b 001|0 eng c
015 ## - NATIONAL BIBLIOGRAPHY NUMBER
National bibliography number GBB1D9872
Source bnb
020 ## - INTERNATIONAL STANDARD BOOK NUMBER
International Standard Book Number 9781406226287
035 ## - SYSTEM CONTROL NUMBER
System control number (WlAbNL)vtls006291423
035 ## - SYSTEM CONTROL NUMBER
System control number (Uk)015986727
038 ## - RECORD CONTENT LICENSOR
Record content licensor Uk
040 ## - CATALOGING SOURCE
Original cataloging agency StDuBDS
Language of cataloging eng
Transcribing agency StDuBDS
Modifying agency WlAbNL
042 ## - AUTHENTICATION CODE
Authentication code ukscp
082 04 - DEWEY DECIMAL CLASSIFICATION NUMBER
Classification number 523.112 FAR
Edition number 22
100 1# - MAIN ENTRY--PERSONAL NAME
Personal name Farndon, John.
Relator term author
245 10 - TITLE STATEMENT
Title What do we know about stars and galaxies? /
Statement of responsibility, etc. John Farndon.
260 ## - PUBLICATION, DISTRIBUTION, ETC.
Place of publication, distribution, etc. London :
Name of publisher, distributor, etc. Raintree,
Date of publication, distribution, etc. 2012.
300 ## - PHYSICAL DESCRIPTION
Extent 48 p. :
Other physical details col. ill., port. ;
Dimensions 26 cm.
490 1# - SERIES STATEMENT
Series statement Earth, space, and beyond
490 1# - SERIES STATEMENT
Series statement Raintree freestyle
500 ## - GENERAL NOTE
General note Originally published: 2011.
504 ## - BIBLIOGRAPHY, ETC. NOTE
Bibliography, etc. note Includes bibliographical references and index.
521 2# - TARGET AUDIENCE NOTE
Target audience note Key Stage 3.
521 2# - TARGET AUDIENCE NOTE
Target audience note Key Stage 4.
650 #0 - SUBJECT ADDED ENTRY--TOPICAL TERM
Topical term or geographic name entry element Stars
Form subdivision Juvenile literature.
650 #0 - SUBJECT ADDED ENTRY--TOPICAL TERM
Topical term or geographic name entry element Galaxies
Form subdivision Juvenile literature.
830 #0 - SERIES ADDED ENTRY--UNIFORM TITLE
Uniform title Earth, space, and beyond.
830 #0 - SERIES ADDED ENTRY--UNIFORM TITLE
Uniform title Raintree freestyle.
942 ## - ADDED ENTRY ELEMENTS (KOHA)
Source of classification or shelving scheme
Koha item type Books - Non Ficton
Holdings
Withdrawn status Lost status Source of classification or shelving scheme Damaged status Not for loan Collection code Permanent Location Current Location Shelving location Date acquired Full call number Barcode Date last seen Price effective from Koha item type
          Non-Fiction KH8 Senior School Library KH8 Senior School Library Non Fiction 2019-08-16 523.112 FAR 3KHSL000100318 2019-08-16 2019-08-16 Books - Non Ficton

Powered By KH8 IT Dept